[Event "13. Festival Ciudad de Lorca 2024 - A"]
[White "Lazars, Krisjanis"]
[Black "Borre Meza, Orlando David"]
[Site "Lorca ESP"]
[Round "6.18"]
[Result "1/2-1/2"]
[Date "2024.12.29"]
[WhiteElo "1858"]
[BlackElo "1875"]
[PlyCount "179"]
[GameId "2132923634659955"]
[EventDate "2024.12.26"]
[EventCountry "ESP"]
[SourceTitle "Ajedrez en Madrid"]
[Source "lmi"]
[SourceDate "2024.12.26"]
[SourceVersion "1"]
[SourceVersionDate "2025.01.11"]
[SourceQuality "1"]

1. e4 e5 2. Nf3 Nc6 3. Bb5 a6 4. Ba4 Nf6 5. d3 b5 6. Bb3 Be7 7. O-O O-O 8. a4 b4 9. Nbd2 d6 10. h3 Na5 11. Ba2 c5 12. Nc4 Nxc4 13. Bxc4 Be6 14. Re1 Qc7 15. Qe2 Nd7 16. g4 Nb6 17. Bd2 a5 18. Bg5 Bxg5 19. Nxg5 Qe7 20. Nf3 f6 21. Bxe6+ Qxe6 22. c4 Nc8 23. b3 Ne7 24. Kh2 Ng6 25. Ng1 Nf4 26. Qe3 h5 27. Ne2 hxg4 28. Nxf4 exf4 29. Qxf4 gxh3 30. Qf5 Qxf5 31. exf5 Rfe8 32. f4 Kf7 33. Re4 Rh8 34. Rae1 Ra7 35. Kg3 h2 36. Rh1 d5 37. Re3 dxc4 38. dxc4 Rd7 39. Rxh2 Rxh2 40. Kxh2 Rd2+ 41. Kg3 Rc2 42. Kf3 Rc3 43. Rxc3 bxc3 44. Ke3 g5 45. fxg5 fxg5 46. b4 axb4 47. a5 g4 48. a6 g3 49. a7 c2 50. Kd2 g2 51. a8=Q c1=Q+ 52. Kxc1 g1=Q+ 53. Kc2 Qf2+ 54. Kc1 Qe1+ 55. Kb2 Qe2+ 56. Kb3 Qd3+ 57. Kb2 Qc3+ 58. Kb1 Qb3+ 59. Ka1 Qd1+ 60. Kb2 Qd4+ 61. Kb1 Qd3+ 62. Kb2 Qxf5 63. Qb7+ Kg6 64. Qg2+ Qg5 65. Qe4+ Qf5 66. Qg2+ Kf6 67. Qc6+ Kg5 68. Qg2+ Kf4 69. Qd2+ Ke4 70. Qc2+ Ke5 71. Qd2 Qe4 72. Kb3 Qd4 73. Qg5+ Ke4 74. Qg4+ Ke3 75. Qg3+ Ke2 76. Qg2+ Kd3 77. Qf1+ Kd2 78. Qg2+ Ke1 79. Qh1+ Ke2 80. Qh5+ Kf2 81. Qh2+ Kf3 82. Qh3+ Ke4 83. Qg4+ Kd3 84. Qd1+ Ke3 85. Qe1+ Kf3 86. Qh1+ Kg3 87. Qe1+ Qf2 88. Qe5+ Kf3 89. Qf5+ Ke2 90. Qc2+ 1/2-1/2

[Event "13. Festival Ciudad de Lorca 2024 - A"]
[White "Lasheras Martinez, Juan Thomas"]
[Black "Yu, Zechen"]
[Site "Lorca ESP"]
[Round "6.19"]
[Result "0-1"]
[Date "2024.12.29"]
[WhiteElo "2128"]
[BlackElo "2003"]
[PlyCount "92"]
[GameId "2132923634664052"]
[EventDate "2024.12.26"]
[EventCountry "ESP"]
[SourceTitle "Ajedrez en Madrid"]
[Source "lmi"]
[SourceDate "2024.12.26"]
[SourceVersion "1"]
[SourceVersionDate "2025.01.11"]
[SourceQuality "1"]

1. d4 Nf6 2. c4 e6 3. Nc3 d5 4. Bg5 Be7 5. e3 O-O 6. Nf3 h6 7. Bh4 Nbd7 8. Rc1 a6 9. c5 c6 10. b4 a5 11. b5 Ne4 12. Bxe7 Qxe7 13. Nxe4 dxe4 14. Nd2 f5 15. Bc4 Nf6 16. f3 Nd5 17. Qe2 Qg5 18. f4 Qe7 19. b6 a4 20. a3 Bd7 21. Ba2 g5 22. g3 gxf4 23. gxf4 Kh7 24. Nc4 Rg8 25. Kd2 Rg7 26. Rhg1 Rag8 27. Qf2 Be8 28. Ne5 Bh5 29. Bc4 Qd8 30. Rxg7+ Rxg7 31. Rg1 Rxg1 32. Qxg1 Qa8 33. Bxd5 exd5 34. Qb1 Qa6 35. Kc3 Qe2 36. Qc1 Qxh2 37. Nxc6 Qa2 38. Nb4 Qc4+ 39. Kb2 Qb3+ 40. Ka1 Be8 41. Qb2 Qxe3 42. c6 Qg1+ 43. Ka2 e3 44. cxb7 e2 45. Qxe2 Qxd4 46. b8=Q Bf7 0-1

[Event "13. Festival Ciudad de Lorca 2024 - A"]
[White "Hanache, Kai"]
[Black "Ramos Saavedra, Mario"]
[Site "Lorca ESP"]
[Round "6.20"]
[Result "1-0"]
[Date "2024.12.29"]
[WhiteElo "2080"]
[BlackElo "1983"]
[PlyCount "107"]
[GameId "2132923634664053"]
[EventDate "2024.12.26"]
[EventCountry "ESP"]
[SourceTitle "Ajedrez en Madrid"]
[Source "lmi"]
[SourceDate "2024.12.26"]
[SourceVersion "1"]
[SourceVersionDate "2025.01.11"]
[SourceQuality "1"]

1. e4 c5 2. Nf3 d6 3. Bb5+ Bd7 4. Bxd7+ Qxd7 5. c4 Nc6 6. Nc3 Nf6 7. d4 cxd4 8. Nxd4 g6 9. f3 Bg7 10. Be3 O-O 11. O-O a6 12. Qd3 Rab8 13. Nxc6 bxc6 14. b3 a5 15. Rac1 Rfd8 16. Rfd1 Qc7 17. Qe2 Nd7 18. f4 e6 19. Qf2 c5 20. Nb5 Qc6 21. Rxd6 Qxe4 22. Rcd1 Rb7 23. Bxc5 Bf8 24. R6d4 Bxc5 25. Rxe4 Bxf2+ 26. Kxf2 Kf8 27. Red4 Ke7 28. a4 Rdb8 29. R1d3 Nc5 30. Re3 f5 31. g4 fxg4 32. Rd5 Nxb3 33. Rde5 Nd2 34. Rxe6+ Kf8 35. c5 Rxb5 36. axb5 Rxb5 37. c6 Rc5 38. Re8+ Kf7 39. R3e7+ Kf6 40. c7 Ne4+ 41. Rxe4 Rxc7 42. Rf8+ Kg7 43. Ra8 Rc5 44. Re5 Rc3 45. Raxa5 Rf3+ 46. Kg2 Rxf4 47. Kg3 Rc4 48. Kh4 Rc2 49. Kg3 h5 50. Ra6 Rc3+ 51. Kf4 Rf3+ 52. Kg5 g3 53. Re7+ Kg8 54. Ra8+ 1-0

[Event "13. Festival Ciudad de Lorca 2024 - A"]
[White "Adarsh, D."]
[Black "Cano Mateos, Pablo"]
[Site "Lorca ESP"]
[Round "6.21"]
[Result "1/2-1/2"]
[Date "2024.12.29"]
[WhiteElo "1987"]
[BlackElo "2067"]
[PlyCount "109"]
[GameId "2132923634664054"]
[EventDate "2024.12.26"]
[EventCountry "ESP"]
[SourceTitle "Ajedrez en Madrid"]
[Source "lmi"]
[SourceDate "2024.12.26"]
[SourceVersion "1"]
[SourceVersionDate "2025.01.11"]
[SourceQuality "1"]

1. e4 e6 2. d4 d5 3. exd5 exd5 4. Bd3 Bd6 5. Nf3 Nf6 6. O-O O-O 7. Bg5 Bg4 8. Nbd2 Nbd7 9. c3 c6 10. Qc2 Qc7 11. Rfe1 Rfe8 12. a4 a5 13. Bh4 Bh5 14. Bg3 Bg6 15. b4 Rxe1+ 16. Nxe1 Bxg3 17. hxg3 axb4 18. cxb4 Qb6 19. Bxg6 hxg6 20. Qc3 Ne4 21. Nxe4 dxe4 22. Nc2 Nf6 23. Ne3 Rd8 24. Rd1 Nd5 25. Nxd5 Rxd5 26. Qc4 Qd8 27. a5 Kh7 28. a6 bxa6 29. Qxa6 Rxd4 30. Rxd4 Qxd4 31. Qxc6 Qxb4 32. Qc1 Qd4 33. Qf4 Qd1+ 34. Kh2 f5 35. f3 Qd3 36. g4 e3 37. gxf5 gxf5 38. Kg3 Kg6 39. Qe5 Kh6 40. Qe6+ Kh7 41. Qe5 Kh6 42. Qe6+ Kh7 43. Qe5 e2 44. Kf2 Kg6 45. Qxe2 Qd4+ 46. Qe3 Qf6 47. Qe8+ Kh6 48. Qe2 f4 49. g3 g5 50. gxf4 gxf4 51. Kg1 Qd4+ 52. Kg2 Qg7+ 53. Kf1 Qf6 54. Qb5 Kg6 55. Qd5 1/2-1/2

[Event "13. Festival Ciudad de Lorca 2024 - A"]
[White "Mendez Gimenez, Nestor Emmanuel"]
[Black "Bercaru, Vlad Ionut"]
[Site "Lorca ESP"]
[Round "6.22"]
[Result "1-0"]
[Date "2024.12.29"]
[WhiteElo "1893"]
[BlackElo "2065"]
[PlyCount "135"]
[GameId "2132923634664055"]
[EventDate "2024.12.26"]
[EventCountry "ESP"]
[SourceTitle "Ajedrez en Madrid"]
[Source "lmi"]
[SourceDate "2024.12.26"]
[SourceVersion "1"]
[SourceVersionDate "2025.01.11"]
[SourceQuality "1"]

1. e4 c6 2. d4 d5 3. Nc3 dxe4 4. Nxe4 Nf6 5. Nxf6+ exf6 6. c3 Bd6 7. Bd3 O-O 8. Qc2 Re8+ 9. Ne2 h5 10. Be3 Nd7 11. O-O Nf8 12. Rfe1 h4 13. h3 g6 14. c4 Be6 15. Nc3 Rc8 16. Rad1 Bb8 17. f4 f5 18. Qf2 b6 19. d5 Bd7 20. Bd4 Rxe1+ 21. Rxe1 Bd6 22. Be5 Bc5 23. Bd4 cxd5 24. cxd5 Nh7 25. Bxc5 Rxc5 26. Bc2 Qf6 27. Qe3 Kg7 28. Bb3 Nf8 29. Qe5 a6 30. Rd1 Qxe5 31. fxe5 b5 32. Ne2 a5 33. Rc1 Rxc1+ 34. Nxc1 a4 35. Bd1 Bc8 36. Nd3 Nd7 37. Kf2 Bb7 38. Bf3 Kf8 39. Ke3 f6 40. Kd4 Ke8 41. e6 Nb6 42. Nc5 Ba8 43. d6 Bxf3 44. gxf3 g5 45. d7+ Ke7 46. Nb7 Nxd7 47. exd7 Kxd7 48. Nc5+ Kd6 49. Nd3 g4 50. fxg4 fxg4 51. hxg4 h3 52. Nf2 h2 53. Ke4 Kc5 54. Nh1 Kb4 55. Kd4 Ka5 56. Kc5 Ka6 57. Kd6 Ka5 58. Ke6 a3 59. b3 Kb4 60. Kxf6 Kc3 61. g5 Kb2 62. g6 Kxa2 63. g7 Kb2 64. g8=Q a2 65. Qg2+ Kb1 66. Qf1+ Kb2 67. Qxb5 a1=Q 68. Qe5+ 1-0

[Event "13. Festival Ciudad de Lorca 2024 - A"]
[White "Medhvansh, Madeti"]
[Black "Maklakova, Naomi"]
[Site "Lorca ESP"]
[Round "6.23"]
[Result "1-0"]
[Date "2024.12.29"]
[WhiteElo "1879"]
[BlackElo "2003"]
[PlyCount "55"]
[GameId "2132923634664056"]
[EventDate "2024.12.26"]
[EventCountry "ESP"]
[SourceTitle "Ajedrez en Madrid"]
[Source "lmi"]
[SourceDate "2024.12.26"]
[SourceVersion "1"]
[SourceVersionDate "2025.01.11"]
[SourceQuality "1"]

1. e4 e5 2. Nf3 Nc6 3. Bb5 a6 4. Ba4 Nf6 5. d3 b5 6. Bb3 Bc5 7. Nc3 O-O 8. Nd5 h6 9. c3 d6 10. Nxf6+ Qxf6 11. Bd5 Bb7 12. g4 Nd8 13. g5 Qe7 14. gxh6 Bxd5 15. exd5 e4 16. dxe4 f5 17. Rg1 Rf7 18. Ng5 Rf6 19. hxg7 Nf7 20. Qh5 Nh6 21. Ne6 Qe8 22. Qxe8+ Rxe8 23. e5 Rfxe6 24. dxe6 Ng4 25. Be3 Nxe5 26. Ke2 Bxe3 27. fxe3 Rxe6 28. Raf1 1-0

[Event "13. Festival Ciudad de Lorca 2024 - A"]
[White "Navarro Cabrera, Carlos"]
[Black "Velasco Garcia, Jorge Juan"]
[Site "Lorca ESP"]
[Round "6.24"]
[Result "1-0"]
[Date "2024.12.29"]
[WhiteElo "2003"]
[BlackElo "1938"]
[PlyCount "89"]
[GameId "2132923634664057"]
[EventDate "2024.12.26"]
[EventCountry "ESP"]
[SourceTitle "Ajedrez en Madrid"]
[Source "lmi"]
[SourceDate "2024.12.26"]
[SourceVersion "1"]
[SourceVersionDate "2025.01.11"]
[SourceQuality "1"]

1. Nf3 d5 2. e3 Nf6 3. b3 Bf5 4. Bb2 e6 5. Nh4 Bg4 6. Be2 Bxe2 7. Qxe2 Nbd7 8. f4 h5 9. Nf3 Bd6 10. d3 Qe7 11. Ne5 Bxe5 12. fxe5 Ng4 13. d4 Qg5 14. Kd2 O-O-O 15. Nc3 Ndxe5 16. dxe5 d4 17. Ne4 dxe3+ 18. Kc1 Qf4 19. Qf3 Qh6 20. Bc3 Rd5 21. Qxf7 Rhd8 22. Kb2 Nxe5 23. Qe7 R8d7 24. Qb4 Nc6 25. Qf8+ Nd8 26. Rae1 Rf5 27. Qe8 g5 28. Rd1 Rdd5 29. Nc5 Qf8 30. Qxf8 Rxf8 31. Nd3 e5 32. Nxe5 Rxd1 33. Rxd1 Rf2 34. Rg1 Ne6 35. Nd3 Rf8 36. Re1 Nf4 37. Nxf4 gxf4 38. Rf1 h4 39. Rf3 Kd7 40. Kc1 Ke6 41. g3 fxg3 42. Rxf8 gxh2 43. Rf1 Kd5 44. Kd1 Ke4 45. Ke2 1-0

[Event "13. Festival Ciudad de Lorca 2024 - A"]
[White "Vaddhireddy, Sai"]
[Black "Maklakova, Nellija"]
[Site "Lorca ESP"]
[Round "6.25"]
[Result "1-0"]
[Date "2024.12.29"]
[WhiteElo "1962"]
[BlackElo "1885"]
[PlyCount "95"]
[GameId "2132923634668154"]
[EventDate "2024.12.26"]
[EventCountry "ESP"]
[SourceTitle "Ajedrez en Madrid"]
[Source "lmi"]
[SourceDate "2024.12.26"]
[SourceVersion "1"]
[SourceVersionDate "2025.01.11"]
[SourceQuality "1"]

1. d4 d5 2. c4 e6 3. Nf3 Nf6 4. g3 c6 5. Bg2 Bd6 6. O-O O-O 7. Nfd2 Nbd7 8. Nc3 Re8 9. e4 dxe4 10. Ndxe4 Nxe4 11. Nxe4 Be7 12. Bf4 Nf6 13. Nc3 Bd7 14. a3 g6 15. Bg5 Qa5 16. Qd2 Rad8 17. b4 Qa6 18. Rfe1 b6 19. c5 bxc5 20. dxc5 Bc8 21. Qb2 h6 22. Bxh6 Ng4 23. Bf4 Bf6 24. Bf1 Rd3 25. Rac1 Red8 26. h3 g5 27. Bc7 R8d7 28. hxg4 Rxc7 29. Bxd3 Qxd3 30. Qe2 Ba6 31. Qxd3 Bxd3 32. Ne4 Bb2 33. Rcd1 Bb5 34. Re3 f6 35. f4 gxf4 36. gxf4 f5 37. Ng5 Rc8 38. gxf5 exf5 39. Rd7 Bc4 40. Kf2 a5 41. bxa5 Bd5 42. Kg3 Bd4 43. Ree7 Rb8 44. Rb7 Ra8 45. a6 Bxc5 46. Rg7+ Kf8 47. Nh7+ Ke8 48. Nf6+ 1-0

[Event "13. Festival Ciudad de Lorca 2024 - A"]
[White "Alonso Garuti, Luis Eugenio"]
[Black "Beneyto De Ramon, Guillermo"]
[Site "Lorca ESP"]
[Round "6.26"]
[Result "0-1"]
[Date "2024.12.29"]
[WhiteElo "1863"]
[BlackElo "2034"]
[PlyCount "42"]
[GameId "2132923634668155"]
[EventDate "2024.12.26"]
[EventCountry "ESP"]
[SourceTitle "Ajedrez en Madrid"]
[Source "lmi"]
[SourceDate "2024.12.26"]
[SourceVersion "1"]
[SourceVersionDate "2025.01.11"]
[SourceQuality "1"]

1. e4 c5 2. Nf3 Nc6 3. d4 cxd4 4. c3 dxc3 5. Bc4 e6 6. O-O Bb4 7. bxc3 Bc5 8. Qd2 Nge7 9. Na3 d5 10. exd5 exd5 11. Bd3 O-O 12. Qc2 Ng6 13. Nb5 Bg4 14. Nbd4 Rc8 15. Bf5 Bxf5 16. Qxf5 Nce7 17. Qh3 Qa5 18. Bd2 Qa6 19. Rfe1 h6 20. Re2 Bxd4 21. Nxd4 Nc6 0-1

[Event "13. Festival Ciudad de Lorca 2024 - A"]
[White "Jansone, Melanija Luize"]
[Black "Kong, Lingzhijie"]
[Site "Lorca ESP"]
[Round "6.27"]
[Result "1-0"]
[Date "2024.12.29"]
[WhiteElo "1885"]
[BlackElo "1816"]
[PlyCount "133"]
[GameId "2132923634668156"]
[EventDate "2024.12.26"]
[EventCountry "ESP"]
[SourceTitle "Ajedrez en Madrid"]
[Source "lmi"]
[SourceDate "2024.12.26"]
[SourceVersion "1"]
[SourceVersionDate "2025.01.11"]
[SourceQuality "1"]

1. e4 c5 2. Nf3 d6 3. d4 cxd4 4. Nxd4 Nf6 5. Nc3 a6 6. a4 e5 7. Nf3 Be6 8. g3 Nc6 9. Bg2 Be7 10. O-O O-O 11. Re1 Nb4 12. Bg5 h6 13. Bxf6 Bxf6 14. Re2 d5 15. exd5 Nxd5 16. Nxd5 Bxd5 17. Nxe5 Bxg2 18. Kxg2 Qc7 19. Nd3 Qc6+ 20. Kg1 Rad8 21. Qf1 Rfe8 22. a5 Rxe2 23. Qxe2 Re8 24. Qd1 Bd4 25. c3 Ba7 26. Qf1 Qf3 27. Re1 Rd8 28. Ne5 Qf5 29. Nc4 Kh7 30. Qg2 Qc5 31. Ne3 Qc7 32. Qe4+ g6 33. Ng4 Kg7 34. Qf3 f5 35. Ne3 Qf7 36. Qe2 Qe6 37. Nc4 Qxe2 38. Rxe2 Rd7 39. Kg2 Kf6 40. Rd2 Rxd2 41. Nxd2 Bb8 42. Kf3 Bc7 43. Nc4 Ke6 44. Ke3 Kd5 45. Kd3 g5 46. h3 h5 47. b4 f4 48. g4 h4 49. f3 Bd8 50. Nd2 Bf6 51. Nb3 Be7 52. Nd2 Bf6 53. Nb3 Be7 54. c4+ Kc6 55. Nd4+ Kd7 56. b5 Bb4 57. Nb3 Kd6 58. Kd4 axb5 59. cxb5 Be1 60. Ke4 Ke6 61. Nc5+ Kf6 62. Nxb7 Bf2 63. Kd5 Ba7 64. b6 Bb8 65. a6 Kf7 66. a7 Bxa7 67. bxa7 1-0

[Event "13. Festival Ciudad de Lorca 2024 - A"]
[White "Patil, Rushad"]
[Black "Mengual Brotons, Jesus"]
[Site "Lorca ESP"]
[Round "6.28"]
[Result "1-0"]
[Date "2024.12.29"]
[WhiteElo "1782"]
[BlackElo "1723"]
[PlyCount "85"]
[GameId "2132923634668157"]
[EventDate "2024.12.26"]
[EventCountry "ESP"]
[SourceTitle "Ajedrez en Madrid"]
[Source "lmi"]
[SourceDate "2024.12.26"]
[SourceVersion "1"]
[SourceVersionDate "2025.01.11"]
[SourceQuality "1"]

1. d4 d5 2. c4 c6 3. Nc3 e6 4. Bf4 Bd6 5. Bxd6 Qxd6 6. c5 Qe7 7. Nf3 Nf6 8. e3 Nbd7 9. Be2 e5 10. b4 O-O 11. O-O e4 12. Nd2 Re8 13. Nb3 Nf8 14. a4 Ng6 15. b5 Kf8 16. a5 Ng8 17. a6 Qg5 18. Kh1 Nh4 19. Rg1 bxa6 20. bxc6 Re6 21. Bxa6 Bxa6 22. Rxa6 Rh6 23. g3 Nf3 24. Rg2 Nf6 25. Nd2 Qh5 26. h4 Qf5 27. Nxf3 exf3 28. Rh2 Ng4 29. Qb1 Qxb1+ 30. Nxb1 Nxh2 31. Kxh2 Rc8 32. Rxa7 Rhxc6 33. Nc3 Rd8 34. g4 g6 35. Kg3 Rf6 36. Nb1 h5 37. g5 Rf5 38. Nd2 Rb8 39. Nxf3 Rb2 40. c6 Rc2 41. c7 Kg7 42. Ne1 Rc6 43. Nd3 1-0

[Event "13. Festival Ciudad de Lorca 2024 - A"]
[White "Perez Fernandez, Arys"]
[Black "Martinez, Thomas"]
[Site "Lorca ESP"]
[Round "6.29"]
[Result "1/2-1/2"]
[Date "2024.12.29"]
[WhiteElo "1574"]
[BlackElo "1594"]
[PlyCount "134"]
[GameId "2132923634668158"]
[EventDate "2024.12.26"]
[EventCountry "ESP"]
[SourceTitle "Ajedrez en Madrid"]
[Source "lmi"]
[SourceDate "2024.12.26"]
[SourceVersion "1"]
[SourceVersionDate "2025.01.11"]
[SourceQuality "1"]

1. e4 e5 2. Nf3 Nc6 3. Bb5 d6 4. d4 Bd7 5. O-O exd4 6. Nxd4 Nxd4 7. Bxd7+ Qxd7 8. Qxd4 Nf6 9. Nc3 Be7 10. Bd2 O-O 11. Nd5 Nxd5 12. Qxd5 Bf6 13. Bc3 b6 14. Bd4 c6 15. Qc4 b5 16. Qd3 Qe6 17. Rad1 Rfd8 18. Bxf6 Qxf6 19. Qd4 Qe6 20. b3 f6 21. Rd2 Rd7 22. Rfd1 Rad8 23. c4 Qe5 24. Qxe5 fxe5 25. c5 d5 26. exd5 cxd5 27. c6 Rc7 28. Rxd5 Rxd5 29. Rxd5 Rxc6 30. g3 Rc1+ 31. Kg2 e4 32. Rxb5 Rc2 33. Re5 Rxa2 34. Rxe4 Kf7 35. Kf3 a5 36. Ra4 Rb2 37. Rxa5 Rxb3+ 38. Kg4 Rb2 39. Rf5+ Kg6 40. Rf4 Ra2 41. h4 h6 42. Rf8 Ra5 43. f4 Rb5 44. h5+ Kh7 45. Re8 Rb6 46. Kh4 Rf6 47. Kg4 Rb6 48. Kf5 Rf6+ 49. Ke4 Rb6 50. g4 Rb4+ 51. Kf5 Rb1 52. Re4 Rf1 53. Ke6 Ra1 54. f5 Ra6+ 55. Ke5 Ra5+ 56. Kf4 Ra1 57. Re3 Ra4+ 58. Kg3 Ra6 59. Kh4 Kg8 60. g5 Ra4+ 61. Kg3 hxg5 62. Re6 Rf4 63. Rg6 Rxf5 64. Kg4 Rf1 65. Kxg5 Rg1+ 66. Kf5 Rh1 67. Kg5 Kh7 1/2-1/2

[Event "13. Festival Ciudad de Lorca 2024 - A"]
[White "Li, Di"]
[Black "Filgueiras, Nathan Felipe"]
[Site "Lorca ESP"]
[Round "7.1"]
[Result "1-0"]
[Date "2024.12.29"]
[WhiteElo "2552"]
[BlackElo "2328"]
[PlyCount "61"]
[GameId "2129541352169534"]
[EventDate "2024.12.26"]
[EventCountry "ESP"]
[SourceTitle "Ajedrez en Madrid"]
[Source "lmi"]
[SourceDate "2024.12.26"]
[SourceVersion "1"]
[SourceVersionDate "2025.01.11"]
[SourceQuality "1"]

1. Nf3 Nf6 2. g3 b6 3. Bg2 Bb7 4. O-O e6 5. c4 Be7 6. b3 O-O 7. Bb2 c5 8. d4 d5 9. cxd5 Bxd5 10. Nc3 Bb7 11. dxc5 Bxc5 12. Ne5 Bxg2 13. Kxg2 Nbd7 14. Nxd7 Qxd7 15. Qxd7 Nxd7 16. Rac1 Rac8 17. Rfd1 Nf6 18. Nb5 Ne4 19. b4 Bxf2 20. Rxc8 Rxc8 21. Nxa7 Rf8 22. Kf3 f5 23. Nc6 b5 24. e3 g5 25. a4 g4+ 26. Ke2 bxa4 27. b5 a3 28. Be5 f4 29. gxf4 Bh4 30. b6 Rf7 31. Nd8 1-0

[Event "13. Festival Ciudad de Lorca 2024 - A"]
[White "Vignesh, N R"]
[Black "Paikens, Reinis"]
[Site "Lorca ESP"]
[Round "7.2"]
[Result "1-0"]
[Date "2024.12.29"]
[WhiteElo "2523"]
[BlackElo "2166"]
[PlyCount "101"]
[GameId "2129541681127528"]
[EventDate "2024.12.26"]
[EventCountry "ESP"]
[SourceTitle "Ajedrez en Madrid"]
[Source "lmi"]
[SourceDate "2024.12.26"]
[SourceVersion "1"]
[SourceVersionDate "2025.01.11"]
[SourceQuality "1"]

1. d4 Nf6 2. c4 e6 3. Nf3 d5 4. Nc3 Be7 5. Bf4 O-O 6. e3 c5 7. dxc5 Bxc5 8. Qc2 Qa5 9. Be2 Ne4 10. O-O Nxc3 11. bxc3 dxc4 12. Bxc4 Nc6 13. Rab1 a6 14. Rfd1 h6 15. Bd3 Rd8 16. Nd2 b5 17. a4 Qxa4 18. Nb3 Ba3 19. Ra1 e5 20. Bh7+ Kh8 21. Rxd8+ Nxd8 22. Bxe5 Bb7 23. Bd6 Bxd6 24. Rxa4 bxa4 25. Na5 g6 26. Qxa4 Kxh7 27. Qd7 Bf8 28. Nxb7 Rb8 29. g4 Nxb7 30. Qc7 Bd6 31. Qxf7+ Kh8 32. Qxg6 Bf8 33. Qxa6 Nc5 34. Qg6 Rb7 35. h4 Rd7 36. Kg2 Rd2 37. Kg3 Rd7 38. g5 hxg5 39. hxg5 Re7 40. Kg4 Nd7 41. Qc2 Ne5+ 42. Kg3 Nf7 43. Qf5 Kg8 44. Kh2 Re5 45. Qg6+ Bg7 46. f4 Rxe3 47. c4 Nh8 48. Qf5 Nf7 49. c5 Re7 50. c6 Ba1 51. Qa5 1-0

[Event "13. Festival Ciudad de Lorca 2024 - A"]
[White "Cabrera, Alexis"]
[Black "Piedra Salabarria, Ernesto"]
[Site "Lorca ESP"]
[Round "7.3"]
[Result "1-0"]
[Date "2024.12.29"]
[WhiteElo "2410"]
[BlackElo "2272"]
[PlyCount "83"]
[GameId "2129541983215737"]
[EventDate "2024.12.26"]
[EventCountry "ESP"]
[SourceTitle "Ajedrez en Madrid"]
[Source "lmi"]
[SourceDate "2024.12.26"]
[SourceVersion "1"]
[SourceVersionDate "2025.01.11"]
[SourceQuality "1"]

1. e4 c5 2. Nf3 Nc6 3. d4 cxd4 4. Nxd4 g6 5. c4 Nf6 6. Nc3 Nxd4 7. Qxd4 d6 8. Be2 Bg7 9. Be3 O-O 10. Qd2 a5 11. O-O a4 12. Bd4 Qa5 13. Rad1 Be6 14. f4 Rfc8 15. b3 axb3 16. axb3 Qb4 17. f5 Bd7 18. Bxf6 Bxf6 19. Nd5 Qxd2 20. Nxf6+ exf6 21. Rxd2 Bc6 22. fxg6 hxg6 23. Rxf6 Ra3 24. b4 Rb3 25. b5 Bxe4 26. Rfxd6 Rc5 27. Rd8+ Kg7 28. Re8 Bf5 29. Re7 Be6 30. Rd4 Re5 31. Bf3 Rb2 32. h3 b6 33. Bg4 Re1+ 34. Kh2 Kf6 35. Re8 Ke5 36. Rd3 f5 37. Bf3 Kf4 38. Rd4+ Ke5 39. Rd5+ Kf4 40. Rd6 Rbb1 41. Bd1 g5 42. g3+ 1-0

[Event "13. Festival Ciudad de Lorca 2024 - A"]
[White "Chavez Suarez, Carlos Alberto"]
[Black "Xu, Minghui"]
[Site "Lorca ESP"]
[Round "7.4"]
[Result "0-1"]
[Date "2024.12.29"]
[WhiteElo "2278"]
[BlackElo "2405"]
[PlyCount "73"]
[GameId "2129542394302603"]
[EventDate "2024.12.26"]
[EventCountry "ESP"]
[SourceTitle "Ajedrez en Madrid"]
[Source "lmi"]
[SourceDate "2024.12.26"]
[SourceVersion "1"]
[SourceVersionDate "2025.01.11"]
[SourceQuality "1"]

1. d4 Nf6 2. Nf3 g6 3. g3 Bg7 4. Bg2 d5 5. O-O O-O 6. b3 c5 7. e3 cxd4 8. Nxd4 e5 9. Nf3 Bg4 10. Qd2 Ne4 11. Qb4 Na6 12. Qe1 Qc8 13. Na3 Nc3 14. Kh1 e4 15. Ng1 Nb4 16. Bb2 Ncxa2 17. Bxg7 Kxg7 18. Rxa2 Nxa2 19. c4 d4 20. Qd2 dxe3 21. Qxa2 Qc5 22. fxe3 Qxe3 23. Qa1+ Kg8 24. Re1 Qxb3 25. Rxe4 Bf5 26. Re7 Rae8 27. Rxb7 Qd3 28. Qb2 Re1 29. Qf2 Rfe8 30. Nb5 Qd1 31. Nc3 Qa1 32. Rxa7 Qxc3 33. Bd5 R1e7 34. Nf3 Qc1+ 35. Kg2 Rxa7 36. g4 Rae7 37. Ng1 0-1

[Event "13. Festival Ciudad de Lorca 2024 - A"]
[White "Narciso Dublan, Marc"]
[Black "Valdepenas Octavio, Javier"]
[Site "Lorca ESP"]
[Round "7.5"]
[Result "1/2-1/2"]
[Date "2024.12.29"]
[WhiteElo "2373"]
[BlackElo "2145"]
[PlyCount "59"]
[GameId "2129542642229406"]
[EventDate "2024.12.26"]
[EventCountry "ESP"]
[SourceTitle "Ajedrez en Madrid"]
[Source "lmi"]
[SourceDate "2024.12.26"]
[SourceVersion "1"]
[SourceVersionDate "2025.01.11"]
[SourceQuality "1"]

1. d4 d5 2. Nf3 Nf6 3. e3 c5 4. dxc5 e6 5. b4 a5 6. c3 axb4 7. cxb4 b6 8. a4 bxc5 9. b5 Bd6 10. Bb2 O-O 11. Nbd2 Nbd7 12. Be2 Bc7 13. O-O Bb7 14. Qc2 Qe7 15. Ra3 c4 16. Rfa1 Ba5 17. Bc3 Nc5 18. Bd1 Nfd7 19. Qb1 Bxc3 20. Rxc3 Qd8 21. Bc2 g6 22. e4 Qf6 23. Rca3 dxe4 24. Nxe4 Qf4 25. Nxc5 Nxc5 26. Qb4 Rfc8 27. a5 Qf6 28. Qc3 Qxc3 29. Rxc3 Nb3 30. Bxb3 1/2-1/2

[Event "13. Festival Ciudad de Lorca 2024 - A"]
[White "Khamrakulov, Ibragim S."]
[Black "Atharva, Kale"]
[Site "Lorca ESP"]
[Round "7.6"]
[Result "1-0"]
[Date "2024.12.29"]
[WhiteElo "2388"]
[BlackElo "1866"]
[PlyCount "95"]
[GameId "2129542783905969"]
[EventDate "2024.12.26"]
[EventCountry "ESP"]
[SourceTitle "Ajedrez en Madrid"]
[Source "lmi"]
[SourceDate "2024.12.26"]
[SourceVersion "1"]
[SourceVersionDate "2025.01.11"]
[SourceQuality "1"]

1. e4 c5 2. c3 Nf6 3. e5 Nd5 4. Bc4 Nb6 5. Bb3 d6 6. exd6 Qxd6 7. Nf3 c4 8. Bc2 Qe6+ 9. Kf1 g6 10. Na3 Bg7 11. b3 cxb3 12. axb3 a6 13. h4 Nc6 14. h5 Qd6 15. Ng5 Qd5 16. h6 Bxh6 17. Nxf7 Qxf7 18. Rxh6 O-O 19. f3 Bf5 20. Kg1 Rad8 21. Bxf5 Qxf5 22. Qe1 Rd3 23. Nc2 Ne5 24. Rh4 Rxf3 25. Ne3 Qg5 26. Re4 Rg3 27. Rxe5 Qxe5 28. d4 Qc7 29. Ra5 Nd7 30. b4 Rf7 31. Bd2 b6 32. Rxa6 Rg5 33. Qe2 h5 34. Ra8+ Kh7 35. c4 Qb7 36. Rd8 Nf6 37. Nd5 Rg4 38. Qe6 Rg7 39. Qe3 g5 40. Qd3+ Rg6 41. Qf5 Qa6 42. Nxf6+ exf6 43. Qd7+ Rg7 44. Qe8 Qa1+ 45. Kf2 Kh6 46. Qf8 Qd1 47. Qxf6+ Kh7 48. Qf5+ 1-0

[Event "13. Festival Ciudad de Lorca 2024 - A"]
[White "Troidl, Thomas"]
[Black "Vingris, Mikelis"]
[Site "Lorca ESP"]
[Round "7.7"]
[Result "0-1"]
[Date "2024.12.29"]
[WhiteElo "1945"]
[BlackElo "2147"]
[PlyCount "62"]
[GameId "2129543022182594"]
[EventDate "2024.12.26"]
[EventCountry "ESP"]
[SourceTitle "Ajedrez en Madrid"]
[Source "lmi"]
[SourceDate "2024.12.26"]
[SourceVersion "1"]
[SourceVersionDate "2025.01.11"]
[SourceQuality "1"]

1. e4 c5 2. Nf3 d6 3. d4 cxd4 4. Nxd4 Nf6 5. Nc3 a6 6. Be2 e5 7. Nf3 Be7 8. Bg5 Be6 9. a4 Nbd7 10. Nd2 Rc8 11. h4 Qc7 12. Bf3 h6 13. Be3 Nc5 14. g4 Qb6 15. Rb1 Qb4 16. g5 hxg5 17. hxg5 Rxh1+ 18. Bxh1 Ng4 19. Nd5 Nxe3 20. Nxb4 Nxd1 21. Kxd1 Nxa4 22. Nf3 Nc5 23. Ke2 Nxe4 24. Nxe5 dxe5 25. Bxe4 Bxb4 26. Bxb7 Rxc2+ 27. Kd3 Rc7 28. Be4 Rd7+ 29. Ke3 Ke7 30. f4 Bd2+ 31. Kf3 Bxf4 0-1